000 00702nam a2200193 a 4500
001 000304564
003 AM-YeHGA
005 20250618071945.0
008 040130s1975 ai 000 | arm d
040 _aAM-YeHGA
041 0 _aarm
100 1 _aՊետրոսյան, Եղիշե Մանուկի,
_d1912-1982
_91402
245 1 0 _aՀայ գրականություն :
_bԴասագիրք ոչ հայկական դպրոցի 9-րդ դասարանի համար /
_cԵ.Մ. Պետրոսյան.
250 _a3-րդ հրատ.
260 _aԵրևան :
_bԼույս,
_c1975.
300 _a166 էջ
_bդիմանկ. ;
_c22 սմ.
650 1 4 _aՀայ գրականություն
_vԴասագիրք
090 _c113612
999 _c112273
_d112273